[Event "76. LJUBLJANSKA SAHOVSKA LIGA 2024"]
[Site "gostovanja"]
[Date "2024.04.14"]
[Round "8.8"]
[White "Kirasic, Branko"]
[Black "Konvalinka, Kostja"]
[Result "1/2-1/2"]
[WhiteElo "1836"]
[BlackElo "1682"]
[PlyCount "68"]
[EventDate "2024.01.18"]
[WhiteTeam "SK VISNJA GORA - STICNA"]
[BlackTeam "SK TRZIN"]

1. e4 c5 2. a3 Nc6 3. b4 cxb4 4. axb4 Nxb4 5. d4 d5 6. exd5 Qxd5 7. c3 Nc6 8.
Na3 a6 9. Nb5 Qd8 10. Bf4 e5 11. dxe5 Qxd1+ 12. Kxd1 Bg4+ 13. f3 O-O-O+ 14.
Nd6+ Bxd6 15. exd6 Be6 16. c4 Nge7 17. Kc2 Ng6 18. Bg3 Nge5 19. c5 Bc4 20. Nh3
f6 21. Kc3 Bxf1 22. Rhxf1 Rhe8 23. Nf4 Nf7 24. Nd5 Re2 25. Rfb1 Nfe5 26. Rb2
Rxb2 27. Kxb2 Nd3+ 28. Kc3 Nxc5 29. Nb6+ Kb8 30. d7+ Ne5 31. Rd1 Kc7 32. Nd5+
Kc6 33. Ne7+ Kc7 34. Nd5+ Kc6 1/2-1/2

[Event "76. LJUBLJANSKA SAHOVSKA LIGA 2024"]
[Site "gostovanja"]
[Date "2024.04.14"]
[Round "8.8"]
[White "Markic, Vladimir"]
[Black "Lesjak, Damjan"]
[Result "1/2-1/2"]
[WhiteElo "1594"]
[BlackElo "1792"]
[PlyCount "43"]
[EventDate "2024.01.18"]
[WhiteTeam "SK TRZIN"]
[BlackTeam "SK VISNJA GORA - STICNA"]

1. d4 d5 2. Nf3 Bf5 3. Bf4 Nf6 4. e3 e6 5. Bd3 Bg6 6. O-O Bd6 7. Bxd6 Qxd6 8.
c3 Nbd7 9. Qe2 e5 10. dxe5 Nxe5 11. Nxe5 Qxe5 12. Nd2 O-O-O 13. Nf3 Qh5 14. Nd4
Bxd3 15. Qxd3 g6 16. b4 Ng4 17. h3 Ne5 18. Qd1 Qh4 19. Nf3 Nxf3+ 20. Qxf3 f5
21. Rfd1 c6 22. Rd4 1/2-1/2

[Event "76. LJUBLJANSKA SAHOVSKA LIGA 2024"]
[Site "gostovanja"]
[Date "2024.04.14"]
[Round "8.8"]
[White "Jancigaj, Saso Valentin"]
[Black "Banko, Franci"]
[Result "1-0"]
[WhiteElo "1613"]
[BlackElo "1396"]
[PlyCount "81"]
[EventDate "2024.01.18"]
[WhiteTeam "SK VISNJA GORA - STICNA"]
[BlackTeam "SK TRZIN"]

1. b3 e5 2. Bb2 Nc6 3. e3 Nf6 4. c4 Be7 5. f3 O-O 6. a3 a5 7. Ne2 b5 8. cxb5
Na7 9. a4 Bb7 10. Bxe5 Bb4 11. Ng3 Re8 12. Bc3 Bxc3 13. Nxc3 d5 14. Nce2 c6 15.
bxc6 Nxc6 16. Nf4 Ba6 17. Bxa6 Rxa6 18. O-O Qb6 19. Kh1 d4 20. e4 Ne5 21. d3 g5
22. Nfe2 h5 23. Nf5 Nc6 24. Nd6 Ne5 25. Nxe8 Nxe8 26. Qd2 f6 27. Rad1 Ra7 28.
f4 Nf7 29. b4 Rb7 30. b5 Ned6 31. Rc1 g4 32. Rc6 Qa7 33. e5 Nf5 34. Rfc1 Re7
35. Rxf6 Ne3 36. Rcc6 Qb7 37. Nxd4 Nd5 38. Rg6+ Kf8 39. Ne6+ Ke8 40. Rg8+ Kd7
41. Nc5# 1-0